000 00661nam a22002057a 4500
999 _c2947
_d2947
003 AR-CdUCM
008 190305b ||||| |||| 00| 0 spa d
040 _aMUNICIPALIDAD PROVINCIAL DEL CUSCO
_cBIBLIOTECA MUNICIPAL DEL CUSCO
082 _a869.56 /
_bS22
100 _aSánchez Hernani, Enrique
_910101
245 _aPor la bocacalle de la locura /
260 _bEds. La Sagrada Familia,
_c1978.
300 _bdibujos,
_c20 cm.
500 _aDonación de la familia Nieto No cuenta con numeración impresa
650 _aPoesía Peruana
_92266
650 _aColección de Poenas
_910102
650 _aSiglo XX
_98
942 _2ddc
_cLIBROS
945 _araen